000 00963nam a2200325 a 4500
003 AR-BaBNM
005 20251128210612.0
008 082120s2002 ||||||||||||||000 | spa||
020 _a950-585-066-2
040 _cAR-BaBNM
100 1 _aTacca, Oscar
245 0 0 _aLos umbrales de Facundo
_by otros textos sarmientinos
260 _aBuenos Aires
_bAcademia Argentina de Letras
_c2000
300 _a185 p.
_bláms.
490 0 _aBiblioteca de la Academia Argentina de Letras. Estudios académicos
_vv. 37
500 _aContiene referencias bibliográficas
650 4 _aLITERATURA ARGENTINA
650 4 _aHISTORIA ARGENTINA
650 4 _aCRITICA LITERARIA
650 4 _aHISTORIA LITERARIA
650 4 _aEPOCA DE ROSAS
650 4 _aROMANTICISMO
650 4 _aFILOSOFIA POLITICA
650 4 _aSIGLO DIECINUEVE
650 4 _aBIOGRAFIAS
655 _aLITERATURA
700 1 _aLojo, María Rosa
_eprologuista
942 _cBK
998 _cMARTIN
999 _c16129
_d16129